000 00298nam a22001337a 4500
008 170206b xxu||||| |||| 00| 0 eng d
020 _a9781886775138
041 _aeng
080 _26ED
_a61
100 _a3
101 _aSHM
245 _aGRS A CORE IN MEDICINE
_cMARILYN FORDNEY
942 _2udc
_cBK
999 _c4686
_d4686